01086 a2200193 45000010006000000050017000060080041000230030015000640400040000790800162001192450112002810200022003932640041004153000019004565050349004750410008008241000029008327000031008616330720260407155930.0260407a2003 arg spa dAR-UNSa-BCEJYS aAR-UNSa-BCEJYSbspacAR-UNSa-BCEJYS a51-7xEstudios y métodos matemáticos en otros campos del conocimiento. Matemáticas científicas. Matemáticas actuariales (Matemáticas Financieras)10aOperaciones financieras con Microsoft ExcelpNociones básicas. Operaciones financieras de capital único a978-987-1046-14-0 1aBuenos Aires :bOmicron Systemc2003 a152 p.c21 cm. a1. Teoría del interés simple - 2. Régimen de capitalización compuesto – 3. Rendimiento de operaciones financieras – 4. Tasas de interés – 5. Régimen simple de actualización – 6. Régimen compuesto de actualización – 7. Tasas de descuento – 8. El impacto de la inflación en las operaciones financieras simples –  aspa1 aCasparri, María Teresa1 aBernardello, Alicia Blanca